| 000 | 00858nac a22002537a 4500 | ||
|---|---|---|---|
| 001 | BR8108341 | ||
| 003 | BR-BrBNA | ||
| 005 | 20240105115146.0 | ||
| 008 | 230509b bl.|||m| |||| 00| 0 por d | ||
| 040 |
_aBR-BrBNA _bpor _cBiblioteca Nacional de Agricultura |
||
| 072 | _aH00 | ||
| 090 | _a0940 BR8108341 | ||
| 100 | 1 | _aKuhn, G.B. | |
| 110 | 1 |
_aUnidade de Execucao de Pesquisa de Ambito Estadual de Bento Goncalves, RS (Brasil) _910350 |
|
| 245 | 1 | _aSelecao sanitaria da videira | |
| 260 | 3 |
_aBento Goncalves, RS (Brasil): _c1981. |
|
| 490 |
_aCircular Tecnica - Unidade de Execucao de Pesquisa de Ambito Estadual de Bento Goncalves (Brazil) _vno. 7 _xISSN 0100-6835 |
||
| 500 | _a14 ref. | ||
| 650 | _aUVA | ||
| 650 | _aINSPECAO SANITARIA | ||
| 650 | _aDEFESA VEGETAL | ||
| 909 |
_a202312 _bLúcia Elande _c55 _dLúcia Elande |
||
| 942 |
_2AGRIS _n0 _cMS |
||
| 999 |
_c273378 _d273378 |
||